Identification of modern and tertiary woods /

Bibliographic Details
Main Author: Barefoot, A. C.
Other Authors: Hankins, Frank W.
Format: Book
Language:English
Published: Oxford : New York : Clarendon Press ; Oxford University Press, 1982.
Series:Oxford science publications.
Subjects:

MARC

Tag First Indicator Second Indicator Subfields
LEADER 00000cam a22000008a 4500
001 in00000091206
005 20150923131511.0
008 790705s1982 enka b 00110 engm
010 |a  79041085  
015 |a GB79 
020 |a 0198543786 :  |c 912.00 
035 |a (OCoLC)05196690 
035 |9 AAK6796AM 
040 |a DLC  |c DLC  |d m.c.  |d TXA  |d UtOrBLW 
049 |a TXAM  |c 1 [1482188], 2 [272617] 
050 0 0 |a QK647  |b  B37 
082 0 |a 582/.1604/95 
100 1 |a Barefoot, A. C. 
245 1 0 |a Identification of modern and tertiary woods /  |c A.C. Barefoot and Frank W. Hankins ; with assistance from L.H. Daugherty. 
263 |a 8201 
264 1 |a Oxford :  |b Clarendon Press ;  |a New York :  |b Oxford University Press,  |c 1982. 
300 |a vii, 189 pages :  |b illustrations ;  |c 31 cm. 
336 |a text  |b txt  |2 rdacontent 
337 |a unmediated  |b n  |2 rdamedia 
338 |a volume  |b nc  |2 rdacarrier 
490 1 |a Oxford science publications 
500 |a Includes index. 
504 |a Bibliography: pages [182]-184. 
650 0 |a Wood  |v Identification. 
650 0 |a Trees  |v Identification. 
650 0 |a Trees, Fossil  |x Identification. 
650 0 |a Paleobotany  |y Tertiary. 
700 1 |a Hankins, Frank W. 
830 0 |a Oxford science publications. 
999 |a MARS 
999 f f |s 5217150d-5e34-3319-a7f4-0a3ff73075ea  |i 70d82c78-0f98-3d38-bfa8-a1f0f10f8956  |t 0 
952 f f |p ric  |a Texas A&M University  |b Rellis Campus  |c Joint Library Facility  |d Remote Storage  |t 0  |e QK647 B37  |h Library of Congress classification  |i unmediated -- volume  |m A14806018082 
998 f f |a QK647 B37  |t 0  |l Remote Storage